| 000 | 00681nam a2200193 a 4500 | ||
|---|---|---|---|
| 005 | 20140310183532.0 | ||
| 008 | 111005s19uu xx 00 eng d | ||
| 020 | _a9780470540954 | ||
| 050 |
_aLB 1778.2 _b.P45 2010 |
||
| 100 | _aPhilipsen, Maike Ingrid | ||
| 245 |
_aHelping faculty find work-life balance : _bthe path toward family-friendly institutions / _cMaike Ingrid Philipsen, Timothy Bostic, foreword by Mary Ann Mason. |
||
| 260 |
_aCalifornia : _bJossey-Bass, _c2010. |
||
| 300 |
_a216 p. : _c24 cm. |
||
| 521 | _aEDU | ||
| 650 |
_aCollege teachers _xProfessional relationships _xUnited States |
||
| 700 | _aBostic, Timothy | ||
| 942 |
_cBK _2lcc _kFOR |
||
| 999 |
_c24629 _d24629 |
||